Catálogo

LEYENDAS MEXICANAS (Registro nro. 18964)

Detalles MARC
000 -LEADER
fixed length control field 00456nam a2200181 a 4500
001 - CONTROL NUMBER
control field 18964
005 - DATE AND TIME OF LATEST TRANSACTION
control field 20180713212337.0
008 - FIXED-LENGTH DATA ELEMENTS--GENERAL INFORMATION
fixed length control field 140415s1945 000 0 spa d
041 ## - LANGUAGE CODE
Language code of text/sound track or separate title spa
082 ## - DEWEY DECIMAL CLASSIFICATION NUMBER
Classification number 808.80375
Item number VAL
100 1# - MAIN ENTRY--PERSONAL NAME
Personal name VALLE-ARIZPE, ARTEMIO DE
245 10 - TITLE STATEMENT
Title LEYENDAS MEXICANAS
250 ## - EDITION STATEMENT
Edition statement 2a ed.
260 ## - PUBLICATION, DISTRIBUTION, ETC.
Place of publication, distribution, etc. [s.l.] :
Name of publisher, distributor, etc. ESPASA-CALPE,
Date of publication, distribution, etc. 1945
300 ## - PHYSICAL DESCRIPTION
Extent 148
490 ## - SERIES STATEMENT
Series statement AUSTRAL
Volume/sequential designation 340
650 14 - SUBJECT ADDED ENTRY--TOPICAL TERM
Topical term or geographic name entry element LEYENDAS INDIGENAS
Existencias
Withdrawn status Lost status Source of classification or shelving scheme Damaged status Not for loan Collection code Home library Current library Shelving location Date acquired Source of acquisition Inventory number Total Checkouts Full call number Barcode Date last seen Price effective from Koha item type
    Dewey Decimal Classification     General Biblioteca Karol Wojtyla Biblioteca Karol Wojtyla Sala general 03/12/2013 Compra 151000000000000000032090   808.80375 VAL 38399 05/01/2026 03/12/2013 Libro